000 00412nam a22001697a 4500
005 20240321120654.0
008 160627b xxu||||| |||| 00| 0 eng d
020 _a81-7929-054-9
041 _aeng
082 _b338.5
100 _aBIRKIN, MALCOLM
_9365
245 _aHOW TO BUILD AN INTEGRATED COMPANY
260 _bINFINITY BOOKS
_c2003
_aNEW DELHI
300 _a215; P
650 _aManagement
942 _cBK
999 _c4235
_d4234